Suing foreign governments and their corporations / (Record no. 11763)
[ view plain ]
| 000 -LEADER | |
|---|---|
| fixed length control field | 00839nam a22002292 4500 |
| 001 - CONTROL NUMBER | |
| control field | 0000025508 |
| 005 - DATE AND TIME OF LATEST TRANSACTION | |
| control field | 20151217154550.0 |
| 008 - FIXED-LENGTH DATA ELEMENTS--GENERAL INFORMATION | |
| fixed length control field | 151009s xx 000 0 eng d |
| 020 ## - INTERNATIONAL STANDARD BOOK NUMBER | |
| International Standard Book Number | 1571051317 : |
| 040 ## - CATALOGING SOURCE | |
| Original cataloging agency | KABU |
| Transcribing agency | KABU |
| 100 1# - MAIN ENTRY--PERSONAL NAME | |
| Personal name | Dellapenna, Joseph W. |
| -- | 0000186193 |
| 245 10 - TITLE STATEMENT | |
| Title | Suing foreign governments and their corporations / |
| Statement of responsibility, etc. | Joseph W. Dellapenna. |
| 250 ## - EDITION STATEMENT | |
| Edition statement | 2nd ed. |
| 260 ## - PUBLICATION, DISTRIBUTION, ETC. (IMPRINT) | |
| Place of publication, distribution, etc. | Ardsley, New York : |
| Name of publisher, distributor, etc. | Transnational publishers, |
| Date of publication, distribution, etc. | 2002. |
| 300 ## - PHYSICAL DESCRIPTION | |
| Extent | xx, 971 p. |
| 650 #0 - SUBJECT ADDED ENTRY--TOPICAL TERM | |
| Topical term or geographic name as entry element | Immunities of foreign states |
| Geographic subdivision | United States. |
| -- | 0000186194 |
| 650 #0 - SUBJECT ADDED ENTRY--TOPICAL TERM | |
| Topical term or geographic name as entry element | Conflict of laws |
| General subdivision | Jurisdiction |
| Geographic subdivision | United States. |
| -- | 0000184889 |
| 650 #0 - SUBJECT ADDED ENTRY--TOPICAL TERM | |
| Topical term or geographic name as entry element | Government business enterprises. |
| General subdivision | Law and legislation |
| Geographic subdivision | United States. |
| -- | 0000186195 |
| 852 1# - LOCATION | |
| -- | p34500 KES |
| 908 ## - PUT COMMAND PARAMETER (RLIN) | |
| Put command parameter | 151009 |
| 950 ## - LOCAL HOLDINGS (RLIN) | |
| -- | 1 |
| Withdrawn status | Lost status | Source of classification or shelving scheme | Not for loan | Home library | Current library | Date acquired | Total Checkouts | Full call number | Barcode | Date last seen | Price effective from | Koha item type | Cost, normal purchase price | Copy number |
|---|---|---|---|---|---|---|---|---|---|---|---|---|---|---|
| Library of Congress Classification | Kabarak, Main Campus | Kabarak, Main Campus | 17/12/2015 | KF1309.5 .D45 2002 c. 1 | 020530 | 17/12/2015 | 17/12/2015 | General Collection | ||||||
| Library of Congress Classification | Kabarak, Main Campus | Kabarak, Main Campus | 17/12/2015 | KF1309.5 .D45 2003 c. 1 | 028348 | 31/01/2020 | 17/12/2015 | General Collection | 24900.00 | c. 1 | ||||
| Library of Congress Classification | Kabarak, Main Campus | Kabarak, Main Campus | 17/12/2015 | KF1309.5 .D45 2003 c. 2 | 028349 | 31/01/2020 | 17/12/2015 | General Collection | 24900.00 | c. 2 |